Ładuje się......

Educational assessment and evaluation

Opis bibliograficzny
1. autor: Ismail Thamarasseri
Format: Printed Book
Wydane: New Delhi wisdom press 2018
Hasła przedmiotowe:
LEADER 00479nam a2200145 4500
999 |c 59433  |d 59433 
020 |a 9789386053183 
082 |a 371.26  |b ISM/E 
100 |a Ismail Thamarasseri 
245 |a Educational assessment and evaluation 
260 |a New Delhi  |b wisdom press  |c 2018 
300 |a 191 p. 
650 |a education - evaluation 
942 |c BK 
952 |0 0  |1 0  |4 0  |6 371_260000000000000_ISM_E  |7 0  |9 66535  |a KUCL  |c Stack  |d 2020-09-15  |g 1095.00  |l 0  |o 371.26 ISM/E  |p 51098  |r 2020-09-15  |w 2020-09-15  |y BK